R.P. F. Francisci Henno Teologia dogm. Moral. et scholast in gratiam et juvamen studios ae juventutis franciscan F.F. Minor. Recollectorum (Record no. 8704)

MARC details
000 -CABECERA
campo de control de longitud fija 01029nam a2200241 a 4500
001 - NÚMERO DE CONTROL
campo de control BRCA_9054
005 - FECHA Y HORA DE LA ÚLTIMA TRANSACCIÓN
campo de control 20190320210516.0
008 - DATOS DE LONGITUD FIJA--INFORMACIÓN GENERAL
campo de control de longitud fija 010917s1795----sp-#######---#000-0#lat-#
041 ## - CÓDIGO DE LENGUA
Código de lengua del texto/banda sonora o título independiente lat
044 ## - CÓDIGO DEL PAÍS DE LA ENTIDAD EDITORA/PRODUCTORA
Código MARC del país sp
084 ## - OTRO NÚMERO DE CLASIFICACIÓN
Número de clasificación CO94
Número de documento/Ítem .H46 1795
100 1# - ENTRADA PRINCIPAL--NOMBRE DE PERSONA
Nombre de persona Henno, Francisci
9 (RLIN) 21948
245 10 - MENCIÓN DE TÍTULO
Título R.P. F. Francisci Henno Teologia dogm. Moral. et scholast in gratiam et juvamen studios ae juventutis franciscan F.F. Minor. Recollectorum
Resto del título tomus VI: complectens tractalus de extrema-unctione, ordine, et matrimonio cum apitome de qua in I. Tom...
260 ## - PUBLICACIÓN, DISTRIBUCIÓN, ETC.
Lugar de publicación, distribución, etc. Matriti
Nombre del editor, distribuidor, etc. Apud Benedictum cano
Fecha de publicación, distribución, etc. 1795
300 ## - DESCRIPCIÓN FÍSICA
Extensión 1VII, 362 p. (t.6)
Dimensiones 21.2 x 15.5 cm
500 ## - NOTA GENERAL
Nota general Superiorum permissu
500 ## - NOTA GENERAL
Nota general Ss hallará en la librería de Quiroga, calle de la Concepción Gerónima
500 ## - NOTA GENERAL
Nota general Estado físico: presenta encuadernación en pergamino con cantos decorados
650 14 - PUNTO DE ACCESO ADICIONAL DE MATERIA--TÉRMINO DE MATERIA
Término de materia o nombre geográfico como elemento de entrada Moral cristiana
Subdivisión cronológica Obras anteriores a 1800
9 (RLIN) 21666
650 14 - PUNTO DE ACCESO ADICIONAL DE MATERIA--TÉRMINO DE MATERIA
Término de materia o nombre geográfico como elemento de entrada Teología dogmática
Subdivisión cronológica Obras anteriores a 1800
9 (RLIN) 21949
902 ## - CATALOGADOR
Iniciales CFM
942 ## - ELEMENTOS DE PUNTO DE ACCESO ADICIONAL (KOHA)
Fuente del sistema de clasificación o colocación Library of Congress Classification
Tipo de ítem Koha Libros
Holdings
Estado de retiro Estado de pérdida Estado dañado No para préstamo Localización permanente Ubicación/localización actual Fecha de adquisición Total de préstamos Signatura topográfica completa Código de barras Fecha visto por última vez Precio válido a partir de Tipo de ítem Koha
El ejemplar forma parte de la colección y puede ser consultado según las políticas vigentes.       Biblioteca del Museo Franz Mayer (Rogerio Casas-Alatriste) Biblioteca del Museo Franz Mayer (Rogerio Casas-Alatriste) 01/09/2017   CO94 .H46 1795 CFM00409 22/03/2019 22/03/2019 Libros